| 000 | 00751nam a2200181 4500 | ||
|---|---|---|---|
| 001 | 149138 | ||
| 003 | ES-MaACL | ||
| 007 | t| | ||
| 008 | 070214s1975 sp r ||||1| spa d | ||
| 111 | 2 |
_aSimposio Internacional sobre Pseudoartrosis ( _cMadrid ( _d1974) ( _n. 1º) _9221429 |
|
| 245 | 1 | 0 |
_aSymposium Internacional sobre Pseudoartrosis _b: Centro de Rehabilitación Mapfre, Servicio de Traumatología : Madrid [14 y 15 de febrero] 1974 / _cdirector, Dr. P. Guillén García. |
| 260 |
_aMadrid : _bLiade, _c1975 ( _fOrión) |
||
| 300 |
_a301 p., 11 lám. : _bil. ; _c24 cm. |
||
| 700 | 1 |
_aGuillén García, P. _9187543 |
|
| 710 | 2 |
_aCentro de Rehabilitación Mapfre _92724 |
|
| 852 |
_aES-MaACL _jE-8119 _bR.92336 |
||
| 999 |
_c149138 _d149138 |
||